[Event "Monza e Brianza Province-ch"]
[Site "Ceriano Laghetto"]
[Date "2015.02.17"]
[Round "5"]
[White "Stagno, Roberto"]
[Black "Origgio, Stefano"]
[Result "1/2-1/2"]
[WhiteElo "1503"]
[BlackElo "1693"]
[PlyCount "84"]
[EventDate "2015.01.20"]
[EventType "swiss"]
[EventRounds "6"]
[EventCountry "ITA"]
[SourceTitle "EXT 2017"]
[Source "ChessBase"]
[SourceDate "2016.10.25"]
[SourceVersion "1"]
[SourceVersionDate "2016.10.25"]
[SourceQuality "1"]

1. e4 e5 2. Nc3 Nf6 3. Nf3 Nc6 4. d4 exd4 5. Nxd4 Bb4 6. Nxc6 bxc6 7. Bd3 d5 8. exd5 cxd5 9. Bb5+ Bd7 10. Qe2+ Qe7 11. Qxe7+ Kxe7 12. Bxd7 Kxd7 13. 0-0 Bxc3 14. bxc3 Rab8 15. Rd1 Rhe8 16. f3 c6 17. Ba3 Rb5 18. Re1 c5 19. Red1 Kc6 20. Bc1 Reb8 21. Bf4 R8b7 22. c4 Rb4 23. cxd5+ Nxd5 24. Bd2 Rb2 25. c4 Nb4 26. Bf4 Rd7 27. Rxd7 Kxd7 28. Rd1+ Ke6 29. Bd6 Na6 30. Rd5 Rxa2 31. Bxc5 Nxc5 32. Rxc5 a5 33. h4 a4 34. Kh2 a3 35. Ra5 Ra1 36. Kg3 g6 37. Kf4 a2 38. Ra6+ Kd7 39. c5 Kc7 40. Kg5 Rc1 41. Rxa2 Rxc5+ 42. Kf6 Rh5 1/2-1/2

[Event "Monza Province-ch"]
[Site "Ceriano Laghetto"]
[Date "2011.02.??"]
[Round "2"]
[White "Origgio, Stefano"]
[Black "Pino, Nicola"]
[Result "0-1"]
[WhiteElo "1734"]
[BlackElo "1790"]
[PlyCount "68"]
[EventDate "2011.02.??"]
[EventType "swiss"]
[EventRounds "6"]
[EventCountry "ITA"]
[SourceTitle "EXT 2024"]
[Source "ChessBase"]
[SourceDate "2023.10.10"]
[SourceVersion "1"]
[SourceVersionDate "2023.10.10"]
[SourceQuality "1"]

1. d4 d5 2. c4 Nf6 3. Nc3 c6 4. e3 e6 5. Nf3 Bb4 6. Bd3 Ne4 7. Qc2 f5 8. 0-0 Nd7 9. cxd5 exd5 10. Ne2 0-0 11. Nf4 Ndf6 12. Nd2 Ba5 13. Nb3 Bc7 14. Nh3 Qd6 15. f4 b6 16. Nd2 Ng4 17. Nxe4 fxe4 18. Be2 Rf6 19. Bxg4 Bxg4 20. Nf2 Bd7 21. Qb3 Kh8 22. Bd2 Rg6 23. Kh1 Rb8 24. a3 Rh6 25. Rg1 g5 26. g3 Rg8 27. Qd1 g4 28. Rc1 Bc8 29. Qa4 a5 30. b4 Ba6 31. Rge1 Qg6 32. Kg2 Qh5 33. h4 gxh3+ 34. Kh2 Qf3 0-1

[Event "Ceriano Laghetto op-B 19th"]
[Site "Ceriano Laghetto"]
[Date "2010.03.??"]
[Round "3"]
[White "Origgio, Stefano"]
[Black "Moroni, Luca Jr"]
[Result "1/2-1/2"]
[WhiteElo "1668"]
[BlackElo "1640"]
[PlyCount "104"]
[EventDate "2010.03.??"]
[EventType "swiss"]
[EventRounds "5"]
[EventCountry "ITA"]
[SourceTitle "EXT 2024"]
[Source "ChessBase"]
[SourceDate "2023.10.10"]
[SourceVersion "1"]
[SourceVersionDate "2023.10.10"]
[SourceQuality "1"]

1. d4 d5 2. c4 e6 3. Nc3 Nf6 4. Bg5 Be7 5. Nf3 Nbd7 6. e3 0-0 7. Rc1 c6 8. Bd3 dxc4 9. Bxc4 Nd5 10. Bxe7 Qxe7 11. 0-0 Nxc3 12. Rxc3 e5 13. dxe5 Nxe5 14. Nxe5 Qxe5 15. f4 Qe7 16. a3 Bf5 17. Qe1 Rad8 18. Bb3 Qd6 19. Bc2 Bxc2 20. Rxc2 Rfe8 21. Qf2 Qd3 22. Re1 Re7 23. Rce2 f5 24. h3 Qe4 25. Rd2 Red7 26. Red1 Rd5 27. Rxd5 Rxd5 28. Rxd5 Qxd5 29. Qc2 Kf7 30. Kf2 Ke6 31. Qc3 g6 32. h4 c5 33. b3 Kd6 34. Qf6+ Qe6 35. Qd8+ Kc6 36. Qd3 Qd5 37. Qc3 b5 38. Qf6+ Qd6 39. Qf7 Qd2+ 40. Kf1 Qxe3 41. Qxa7 Qxf4+ 42. Kg1 Qxh4 43. Qa6+ Kd5 44. Qb7+ Kd4 45. Qxb5 Qe1+ 46. Kh2 Qe5+ 47. Kh3 Ke3 48. Qc4 Kf2 49. Qd3 f4 50. Qf3+ Kg1 51. Qd1+ Kf2 52. Qf3+ Kg1 1/2-1/2

[Event "Ceriano Laghetto op"]
[Site "Ceriano Laghetto"]
[Date "2009.02.17"]
[Round "3"]
[White "Regorda, Vittorio"]
[Black "Origgio, Stefano"]
[Result "1-0"]
[WhiteElo "1848"]
[BlackElo "1551"]
[PlyCount "90"]
[EventDate "2009.02.03"]
[EventType "swiss"]
[EventRounds "6"]
[EventCountry "ITA"]
[SourceTitle "EXT 2011"]
[Source "ChessBase"]
[SourceDate "2010.11.26"]
[SourceVersion "1"]
[SourceVersionDate "2010.11.26"]
[SourceQuality "1"]

1. d4 Nf6 2. c4 e6 3. Nf3 b6 4. g3 Bb7 5. Bg2 Bb4+ 6. Bd2 a5 7. 0-0 0-0 8. a3 Be7 9. Nc3 d5 10. Ne5 Nbd7 11. f4 c5 12. e3 Rb8 13. cxd5 Nxd5 14. Nxd5 Bxd5 15. Bxd5 exd5 16. Nc6 Qe8 17. Nxb8 Qxb8 18. Bc3 c4 19. b3 Rc8 20. b4 axb4 21. axb4 Nf6 22. Qc2 Ne4 23. Ra6 Qd6 24. b5 Qg6 25. Kg2 h5 26. Ra7 Re8 27. Rf3 h4 28. Be1 Qg4 29. Qe2 hxg3 30. h3 Qg6 31. Rc7 Bf6 32. Rc6 Re6 33. f5 Qh5 34. fxe6 fxe6 35. Rxe6 Ng5 36. Rxb6 Qxh3+ 37. Kg1 Qh2+ 38. Qxh2 gxh2+ 39. Kh1 Nxf3 40. Bg3 Bg5 41. Rb8+ Kf7 42. b6 Bxe3 43. b7 Nxd4 44. Rc8 Nc6 45. Rxc6 Ba7 1-0

[Event "Ceriano Laghetto op"]
[Site "Ceriano Laghetto"]
[Date "2009.02.03"]
[Round "1"]
[White "Origgio, Stefano"]
[Black "Regorda, Massimiliano"]
[Result "1-0"]
[WhiteElo "1551"]
[BlackElo "1919"]
[PlyCount "117"]
[EventDate "2009.02.03"]
[EventType "swiss"]
[EventRounds "6"]
[EventCountry "ITA"]
[SourceTitle "EXT 2011"]
[Source "ChessBase"]
[SourceDate "2010.11.26"]
[SourceVersion "1"]
[SourceVersionDate "2010.11.26"]
[SourceQuality "1"]

1. c4 d5 2. d4 e6 3. Nc3 c5 4. cxd5 exd5 5. Nf3 Nf6 6. g3 Nc6 7. Bg2 Bg4 8. e3 cxd4 9. exd4 Bb4 10. Be3 0-0 11. 0-0 Qa5 12. Qb3 Rac8 13. Rfc1 Ne7 14. Ne5 Be6 15. Bf3 Nf5 16. a3 Bxc3 17. bxc3 Nxe3 18. fxe3 b5 19. Qb4 Qxb4 20. axb4 Rc7 21. Nd3 Rfc8 22. Nc5 Nd7 23. Ra5 Nxc5 24. dxc5 Rb8 25. Rca1 Rbb7 26. e4 dxe4 27. Bxe4 Rb8 28. Rxa7 Rcc8 29. c6 f5 30. Bf3 Rf8 31. Re7 Rbe8 32. Rxe8 Rxe8 33. c7 Rc8 34. Ra8 Kf8 35. Rxc8+ Bxc8 36. Bc6 Ke7 37. Bxb5 Kd6 38. Bd3 Kxc7 39. Kf2 Kd6 40. Ke3 Ke5 41. h4 h6 42. Bb5 g5 43. hxg5 hxg5 44. Be8 f4+ 45. gxf4+ gxf4+ 46. Kf2 Be6 47. b5 Kd5 48. Kf3 Kc4 49. Kxf4 Kxc3 50. Ke5 Bc4 51. b6 Ba6 52. Bb5 Bb7 53. Kd6 Kb4 54. Bc6 Ka5 55. Kc7 Ba6 56. Bb7 Bc4 57. Bc8 Bd5 58. Bd7 Ka6 59. Bc6 1-0